Responses for Show #1952 - Tuesday, February 16, 1993

1993 Teen Tournament quarterfinal game 2.

Contestants

[<< previous game]

Scott Steiger, a junior from Coffeyville, Kansas

Chris Dobbertean, a freshman from Bartow, Florida

Anne Black, a junior from Frederick, Maryland

[next game >>]

Jeopardy! Round responses

CHILDREN'S LITERATURE
SPORTS
SPECIES IDs
DRIVER'S ED.
THE 1980s
FOREIGN WORDS & PHRASES
    $100 7
Mark Twain

Anne
    $100 3
Super Bowl

Scott
    $100 4
cobra

Scott
    $100 2
enter

Chris
    $100 5
Coca-Cola

Scott
    $100 1
French

Scott
    $200 6
Charlotte

Scott
    $200 14
Magic Johnson

Scott
    $200 21
elephant

Scott
    $200 16
driver's license

Anne
    $200 11
United Nations

Anne
    $200 12
midnight

Anne
    $300 8
Avonlea

Anne
    $300 15
Toronto Blue Jays

Scott
    $300 26
polar bear

Chris
    $300 23
railroad crossing

Scott
    $300 17
register for the draft

Anne
    $300 13
cousin

Scott
    $400 9
Beatrix Potter

Anne
    $400 20
Ivan Lendl

Anne
    $400 27
skunk

Anne
    $400 29
yellow

Scott
    $400 25
Great Britain

Anne
    $400 18
Dutch

Anne
    $500 10
Paddington

Anne
    $500 22
Carl Lewis

Scott
    $2,000 28
pelican

Anne
    $500 30
(Scott: What is turn them?)
(Alex: Which direction?)

turn them to the right (turn them towards the curb)

Scott
    $500 24
Sally Ride

Scott
    $500 19
ja

Scott

Scores at the first commercial break (after clue 15):

Anne Chris Scott
$1,700 $100 $1,400

Scores at the end of the Jeopardy! Round:

Anne Chris Scott
$5,800 $400 $4,300

Double Jeopardy! Round responses

COLONIAL AMERICA
THE SCHOOL PLAY
ISLANDS
POETRY
FRUITS & VEGETABLES
COMPOSERS
    $200 7
Appalachians

Anne
    $200 8
Grease

Anne
    $200 1
Ireland

Anne
    $200 5
Myles Standish

Anne
    $200 3
plums

Chris
    $200 13
Ludwig van Beethoven

Chris
    $400 16
Poor Richard's Almanack

Anne
    $400 9
Little Shop of Horros

Anne
    $400 2
Aleutians

Scott
    $400 6
Sandburg

Scott
    $400 12
cabbage

Scott
    $400 24
(Scott: Uh, who is Liszt?)

Johann Strauss Sr.

Scott
Triple Stumper
    $600 17
jerky

Scott
    $600 10
Our Town

Triple Stumper
    $600 4
Easter Island

Scott
    $1,000 15
Kubla Khan

Scott
    $600 18
grapes

Anne
    $600 26
(Johann Sebastian) Bach

Scott
    $800 25
(Anne: Who is George III?)

James I

Anne
Triple Stumper
    $800 11
The Music Man

Scott
    $800 14
Honshu

Scott
    $800 22
(Anne: What is Sonnets of the Portuguese? From the Portuguese.)

Sonnets from the Portuguese

Anne
    $800 19
artichokes

Anne
    $800 28
Ferde Grofé

Triple Stumper
    $500 30
House of Burgesses

Anne
    $1000 20
You Can't Take It with You

Triple Stumper
    $1000 27
Prince Edward Island

Anne
    $1000 23
Keats

Scott
    $1000 21
cantaloupe

Anne
    $1000 29
(Scott: Who is, uh, Stravinsky?)

Tchaikovsky

Scott
Triple Stumper

Scores at the end of the Double Jeopardy! Round:

Anne Chris Scott
$11,300 $800 $9,500

Final Jeopardy! Round responses

EUROPE
ChrisWhat are Portugal & Denmark
$800
ScottWhat are Andorra and the Vatican City
$500
AnneWhat are Portugal and Denmark?
$1,000
(2 of) Portugal, Denmark, San Marino, Vatican City & Monaco

Final scores:

Anne Chris Scott
$12,300 $1,600 $9,000
Automatic semifinalist 3rd place: $1,000 if eliminated 2nd place: $1,000 if eliminated

Game dynamics:

Coryat scores:

Anne Chris Scott
$10,300 $800 $9,100
25 R
(including 2 DDs),
1 W
4 R,
0 W
25 R
(including 1 DD),
2 W

Combined Coryat: $20,200

[game clues] [game scores] [suggest correction]

Game tape date: 1993-01-04
The J! Archive is created by fans, for fans. Scraping, republication, monetization, and malicious use prohibited; this site may use cookies and collect identifying information. See terms. The Jeopardy! game show and all elements thereof, including but not limited to copyright and trademark thereto, are the property of Jeopardy Productions, Inc. and are protected under law. This website is not affiliated with, sponsored by, or operated by Jeopardy Productions, Inc. Join the discussion at JBoard.tv.